BSOP header

Berkeley in 90 minutes / (Record no. 28165)

MARC details
000 -LEADER
fixed length control field 00593nam a2200169 4500
008 - FIXED-LENGTH DATA ELEMENTS--GENERAL INFORMATION
fixed length control field 070118s2000 ilu b 001 0 eng
020 ## - INTERNATIONAL STANDARD BOOK NUMBER
International Standard Book Number 1566632919 :Php10 (AGST)
090 ## - LOCALLY ASSIGNED LC-TYPE CALL NUMBER (OCLC); LOCAL CALL NUMBER (OCLC)
Classification number (OCLC) (R) ; Classification number, CALL (RLIN) (NR) B1348
Local cutter number (OCLC) ; Book number/undivided call number, CALL (RLIN) St8
100 1# - MAIN ENTRY--PERSONAL NAME
Personal name Strathern, Paul,
Dates associated with a name 1940-
245 10 - TITLE STATEMENT
Title Berkeley in 90 minutes /
Statement of responsibility, etc Paul Strathern.
246 3# - VARYING FORM OF TITLE
Title proper/short title Berkeley in ninety minutes
260 ## - PUBLICATION, DISTRIBUTION, ETC. (IMPRINT)
Place of publication, distribution, etc Chicago :
Name of publisher, distributor, etc Ivan R. Dee,
Date of publication, distribution, etc c2000.
300 ## - PHYSICAL DESCRIPTION
Extent 83 p. ;
Dimensions 21 cm.
504 ## - BIBLIOGRAPHY, ETC. NOTE
Bibliography, etc Includes bibliographical references (p. 79-80) and index.
600 14 - SUBJECT ADDED ENTRY--PERSONAL NAME
Personal name Berkeley, George,
Dates associated with a name 1685-1753.
951 ## - EQUIVALENCE OR CROSS-REFERENCE-GEOGRAPHIC NAME/AREA NAME [OBSOLETE] [CAN/MARC only]
General subdivision 00034000
951 ## - EQUIVALENCE OR CROSS-REFERENCE-GEOGRAPHIC NAME/AREA NAME [OBSOLETE] [CAN/MARC only]
-- 30084
-- B1348/St8
-- 070613111621015
-- 2000-12-21
-- GC
Holdings
Withdrawn status Lost status Damaged status Not for loan Home library Current library Shelving location Date acquired Accession number Shelving control number Total Checkouts Full call number Barcode Date last seen Price effective from Koha item type
        BSOP Library BSOP Library GC 12/21/2000 30084 127   B1348/St8 00034000 02/23/2013 02/23/2013 Books
BSOP

Biblical Seminary of the Philippines
  All rights Reserved
  © 2024

CONTACT INFORMATION

Biblical Seminary of the Philippines,
  77-B Karuhatan Road, Valenzuela City,
  PHILIPPINES 1441
  Phone: +632 8292-6795 / 8292-6798
  Fax : +632 8292-6675
  Email: library@bsop.edu.ph